[Event "GRE-chT 44th"]
[Site "Achaia"]
[Date "2016.07.09"]
[Round "6.13"]
[White "Liaskos, Leonidas"]
[Black "Emmanouilidis, Athanasios"]
[Result "1-0"]
[WhiteElo "2091"]
[BlackElo "1993"]
[PlyCount "101"]
[EventDate "2016.07.05"]
[EventType "team-swiss"]
[EventRounds "7"]
[EventCountry "GRE"]
[SourceTitle "CBM 173 Extra"]
[Source "ChessBase"]
[SourceDate "2016.08.29"]
[SourceVersion "1"]
[SourceVersionDate "2016.08.29"]
[SourceQuality "1"]
[WhiteTeam "Egaleo CN"]
[BlackTeam "Kavalas OFS"]
[WhiteTeamCountry "GRE"]
[BlackTeamCountry "GRE"]

1. e4 e5 2. Nf3 Nc6 3. c3 d5 4. Qa4 Bd7 5. exd5 Nd4 6. Qd1 Nxf3+ 7. Qxf3 Nf6 8. c4 Bc5 9. Nc3 Bg4 10. Qg3 0-0 11. d3 c6 12. Bg5 Bh5 13. Be2 Bg6 14. 0-0 Bd4 15. dxc6 bxc6 16. Rfd1 Rb8 17. Rd2 Qd6 18. Rad1 h6 19. Be3 Kh7 20. Bf3 Rfd8 21. Bxd4 exd4 22. Qxd6 Rxd6 23. Ne2 Nd7 24. Nf4 Ne5 25. Re1 Re8 26. Kf1 Nxf3 27. gxf3 Rxe1+ 28. Kxe1 Bf5 29. Ne2 Kg6 30. Kd1 Kg5 31. Kc2 c5 32. Rd1 Be6 33. Rg1+ Kf6 34. Ng3 Ra6 35. Ne4+ Ke7 36. Nxc5 Rxa2 37. Nxe6 Kxe6 38. Rxg7 Ra5 39. Rg4 Rf5 40. Re4+ Kf6 41. Rxd4 Rxf3 42. Kc3 Rxf2 43. Rd6+ Kg7 44. c5 Re2 45. c6 Re8 46. Kc4 f5 47. Kc5 f4 48. Rd4 Rf8 49. c7 f3 50. Rg4+ Kh7 51. Rg1 1-0

[Event "GRE-chT 43rd"]
[Site "Porto Rio"]
[Date "2015.10.12"]
[Round "7.13"]
[White "Mavromihalis, Konstantinos"]
[Black "Emmanouilidis, Athanasios"]
[Result "1/2-1/2"]
[WhiteElo "1823"]
[BlackElo "1972"]
[PlyCount "100"]
[EventDate "2015.10.08"]
[EventType "team-swiss"]
[EventRounds "7"]
[EventCountry "GRE"]
[SourceTitle "CBM 168 Extra"]
[Source "ChessBase"]
[SourceDate "2015.10.29"]
[SourceVersion "1"]
[SourceVersionDate "2015.10.29"]
[SourceQuality "1"]
[WhiteTeam "Kalamata"]
[BlackTeam "Kavalas OFS"]
[WhiteTeamCountry "GRE"]
[BlackTeamCountry "GRE"]

1. d4 Nf6 2. c4 g6 3. Nc3 Bg7 4. e4 d6 5. Nf3 0-0 6. Be2 e5 7. dxe5 dxe5 8. Qxd8 Rxd8 9. Bg5 Re8 10. 0-0 c6 11. Nd2 h6 12. Be3 Na6 13. a3 Ng4 14. Bxg4 Bxg4 15. f3 Be6 16. Rfd1 Red8 17. Kf2 Rd7 18. Nb3 Rxd1 19. Rxd1 b6 20. Nd2 Rd8 21. Ke2 Bf8 22. b4 Nc7 23. Na4 Ne8 24. Nb2 Nd6 25. Nb1 Be7 26. c5 Nc4 27. Rxd8+ Bxd8 28. cxb6 axb6 29. Nxc4 Bxc4+ 30. Kd1 h5 31. Kc2 Kf8 32. Nd2 Be6 33. Kc3 Ke8 34. Nc4 Bxc4 35. Kxc4 b5+ 36. Kc5 Kd7 37. Bh6 Kc7 38. Bf8 Bf6 39. h4 Kd7 40. Bd6 Bg7 41. Bb8 f5 42. Bd6 Bf6 43. Bb8 f4 44. Bd6 Bh8 45. Bb8 Bg7 46. Bd6 Bf6 47. Bb8 Be7+ 48. Kb6 Bd8+ 49. Kb7 Bf6 50. Bc7 Bg7 1/2-1/2

[Event "GRE-chT 43rd"]
[Site "Porto Rio"]
[Date "2015.10.09"]
[Round "3.7"]
[White "Gimnopoulos, Lazaros"]
[Black "Emmanouilidis, Athanasios"]
[Result "1/2-1/2"]
[WhiteElo "2045"]
[BlackElo "1972"]
[PlyCount "90"]
[EventDate "2015.10.08"]
[EventType "team-swiss"]
[EventRounds "7"]
[EventCountry "GRE"]
[SourceTitle "CBM 168 Extra"]
[Source "ChessBase"]
[SourceDate "2015.10.29"]
[SourceVersion "1"]
[SourceVersionDate "2015.10.29"]
[SourceQuality "1"]
[WhiteTeam "Florinas OP"]
[BlackTeam "Kavalas OFS"]
[WhiteTeamCountry "GRE"]
[BlackTeamCountry "GRE"]

1. e4 e5 2. Nf3 Nc6 3. Bb5 a6 4. Ba4 Nf6 5. d3 d6 6. h3 Be7 7. Nc3 0-0 8. a3 Nb8 9. b4 Nbd7 10. Bb3 c5 11. Bd2 b5 12. Nd5 Nxd5 13. Bxd5 Rb8 14. c4 Bb7 15. bxc5 Nxc5 16. Bb4 Bxd5 17. cxd5 Rc8 18. 0-0 Bf6 19. Rc1 Qb6 20. g4 a5 21. Bc3 Na4 22. Qd2 Nxc3 23. Rxc3 Rxc3 24. Qxc3 b4 25. axb4 axb4 26. Rb1 Rb8 27. Qc6 Be7 28. Qxb6 Rxb6 29. Rb3 Bd8 30. Nd2 Bc7 31. Nc4 Rb5 32. Kf1 Kf8 33. Ke2 Ke7 34. d4 exd4 35. Kd3 Bb6 36. Nxb6 Rxb6 37. Kxd4 g5 38. e5 dxe5+ 39. Kxe5 f6+ 40. Kd4 Kd6 41. Kc4 Rb8 42. Rf3 Ke7 43. Re3+ Kd7 44. Rb3 Kd6 45. Rf3 Ke5 1/2-1/2

[Event "GRE-chT 43rd"]
[Site "Porto Rio"]
[Date "2015.10.08"]
[Round "2.13"]
[White "Emmanouilidis, Athanasios"]
[Black "Iliopoulos, Alexios"]
[Result "1/2-1/2"]
[WhiteElo "1972"]
[BlackElo "1959"]
[PlyCount "80"]
[EventDate "2015.10.08"]
[EventType "team-swiss"]
[EventRounds "7"]
[EventCountry "GRE"]
[SourceTitle "CBM 168 Extra"]
[Source "ChessBase"]
[SourceDate "2015.10.29"]
[SourceVersion "1"]
[SourceVersionDate "2015.10.29"]
[SourceQuality "1"]
[WhiteTeam "Kavalas OFS"]
[BlackTeam "Patron Sailing"]
[WhiteTeamCountry "GRE"]
[BlackTeamCountry "GRE"]

1. d4 d5 2. c4 e6 3. Nf3 Nf6 4. Nc3 Nbd7 5. cxd5 exd5 6. Bg5 Be7 7. e3 c6 8. Bd3 h6 9. Bf4 0-0 10. h3 Re8 11. Qc2 Nf8 12. 0-0-0 Ne6 13. Bh2 c5 14. Bb5 Bd7 15. Bxd7 Qxd7 16. Ne5 Qd8 17. g4 cxd4 18. exd4 Qb6 19. Qd3 Bb4 20. Kb1 Rac8 21. Ka1 Bxc3 22. bxc3 Ne4 23. Rb1 Qa5 24. Rhc1 Rxc3 25. Rxc3 Nxc3 26. Rb2 Ne4 27. f3 Qe1+ 28. Rb1 Qc3+ 29. Qxc3 Nxc3 30. Rxb7 Nxd4 31. Kb2 Ncb5 32. a4 f6 33. axb5 fxe5 34. Bg1 Nxf3 35. Bxa7 d4 36. Rd7 Ne1 37. Kc1 Nd3+ 38. Kd2 Nb4 39. Bc5 Rb8 40. Bxb4 Rxb5 1/2-1/2

[Event "Veliko Gradiste Silver Lake op-A"]
[Site "Veliko Gradiste"]
[Date "2015.06.25"]
[Round "6"]
[White "Ivic, Matija"]
[Black "Emmanouilidis, Athanasios"]
[Result "1-0"]
[WhiteElo "2192"]
[BlackElo "1937"]
[PlyCount "103"]
[EventDate "2015.06.20"]
[EventType "swiss"]
[EventRounds "9"]
[EventCountry "SRB"]
[SourceTitle "CBM 167 Extra"]
[Source "ChessBase"]
[SourceDate "2015.09.14"]
[SourceVersion "1"]
[SourceVersionDate "2015.09.14"]
[SourceQuality "1"]

1. d4 d5 2. c4 c6 3. Nc3 Nf6 4. Nf3 dxc4 5. a4 Bf5 6. e3 e6 7. Bxc4 Bb4 8. 0-0 0-0 9. Qe2 Bg4 10. Rd1 Qa5 11. e4 Qh5 12. Rd3 Rd8 13. e5 Nd5 14. Ne4 Be7 15. Qd2 Nb4 16. Rb3 c5 17. Nd6 Bxd6 18. exd6 Bxf3 19. dxc5 Qxc5 20. Qxb4 Qxb4 21. Rxb4 Bc6 22. Bf4 Nd7 23. Bg5 Rdc8 24. Bb5 f6 25. Bxc6 Rxc6 26. Rxb7 Nc5 27. Rc7 Rxc7 28. dxc7 Na6 29. Rc1 Rc8 30. Be3 Rxc7 31. Rxc7 Nxc7 32. Bxa7 Kf7 33. b4 Ke8 34. Kf1 Kd7 35. Bc5 Nd5 36. a5 Kc6 37. a6 Nc7 38. a7 Kb7 39. Ke2 Na6 40. Kd3 Nxc5+ 41. bxc5 Kxa7 42. Kc4 Kb7 43. Kb5 h5 44. c6+ Kc7 45. Kc5 g5 46. Kb5 g4 47. g3 Kc8 48. Kb6 f5 49. c7 e5 50. Kc6 f4 51. Kd5 fxg3 52. hxg3 1-0

[Event "Veliko Gradiste Silver Lake op-A"]
[Site "Veliko Gradiste"]
[Date "2015.06.24"]
[Round "5"]
[White "Emmanouilidis, Athanasios"]
[Black "Drljevic, Ljilja"]
[Result "1-0"]
[WhiteElo "1937"]
[BlackElo "2173"]
[PlyCount "97"]
[EventDate "2015.06.20"]
[EventType "swiss"]
[EventRounds "9"]
[EventCountry "SRB"]
[SourceTitle "CBM 167 Extra"]
[Source "ChessBase"]
[SourceDate "2015.09.14"]
[SourceVersion "1"]
[SourceVersionDate "2015.09.14"]
[SourceQuality "1"]

1. d4 d6 2. Nf3 Nf6 3. c4 Nbd7 4. Nc3 e5 5. e4 Be7 6. Be2 0-0 7. 0-0 c6 8. Qc2 Re8 9. Rd1 Qc7 10. h3 Bf8 11. Be3 exd4 12. Bxd4 Nh5 13. Be3 Nc5 14. Ng5 Nf6 15. b4 Ncd7 16. Nf3 a5 17. a3 axb4 18. axb4 Rxa1 19. Rxa1 d5 20. exd5 Bxb4 21. dxc6 bxc6 22. Rb1 Qa5 23. Rc1 Bc5 24. Nd4 Bxd4 25. Bxd4 Qg5 26. Rd1 c5 27. Bxf6 Nxf6 28. Qd2 Qh4 29. Bf1 h6 30. Re1 Be6 31. Qd3 Rb8 32. Ne4 Nxe4 33. Rxe4 Qg5 34. Qe3 Rb1 35. Qd3 Ra1 36. Kh2 Bf5 37. Re8+ Kh7 38. Qe2 Qf4+ 39. Kg1 Qc1 40. Re5 Qb1 41. Rd5 g6 42. g4 Be6 43. Rxc5 Qb4 44. Rc7 Qb6 45. Qe5 Ra2 46. c5 Qb3 47. Re7 Rc2 48. Re8 Qc3 49. Rh8# 1-0

[Event "Skopje Karposh op"]
[Site "Skopje"]
[Date "2015.03.27"]
[Round "1"]
[White "Emmanouilidis, Athanasios"]
[Black "Jacimovic, Dragoljub"]
[Result "0-1"]
[WhiteElo "1946"]
[BlackElo "2411"]
[PlyCount "76"]
[EventDate "2015.03.27"]
[EventType "swiss"]
[EventRounds "9"]
[EventCountry "MKD"]
[SourceTitle "CBM 165 Extra"]
[Source "ChessBase"]
[SourceDate "2015.04.21"]
[SourceVersion "1"]
[SourceVersionDate "2015.04.21"]
[SourceQuality "1"]

1. e4 e6 2. d4 d5 3. Nc3 Bb4 4. a3 Bxc3+ 5. bxc3 Ne7 6. Qg4 0-0 7. e5 c5 8. Bd3 Qa5 9. Bd2 Nbc6 10. Nf3 f5 11. exf6 Rxf6 12. Ne5 c4 13. Be2 Nxe5 14. dxe5 Rf5 15. f4 Qb6 16. Qh3 Bd7 17. Qe3 Qb2 18. 0-0 Qxc2 19. a4 Rff8 20. Rfe1 Qg6 21. Rab1 Bc6 22. Qh3 b6 23. Bg4 Nf5 24. Bh5 Qh6 25. g4 Be8 26. gxf5 Bxh5 27. f6 Qg6+ 28. Kf2 Bg4 29. Qh4 Qd3 30. Qxg4 Qxd2+ 31. Kg3 Rf7 32. Qxe6 gxf6 33. Rg1 Raf8 34. exf6 Kh8 35. Kh3 Qxc3+ 36. Rg3 Qxf6 37. Qxd5 Qf5+ 38. Qxf5 Rxf5 0-1

[Event "Skopje Karposh op"]
[Site "Skopje"]
[Date "2014.04.04"]
[Round "8"]
[White "Tscharotschkin, Michael"]
[Black "Emmanouilidis, Athanasios"]
[Result "1/2-1/2"]
[WhiteElo "2203"]
[BlackElo "1850"]
[PlyCount "64"]
[EventDate "2014.03.29"]
[EventType "swiss"]
[EventRounds "9"]
[EventCountry "MKD"]
[SourceTitle "CBM 159 Extra"]
[Source "ChessBase"]
[SourceDate "2014.04.24"]
[SourceVersion "1"]
[SourceVersionDate "2014.04.24"]
[SourceQuality "1"]

1. d4 d5 2. Nf3 Nf6 3. Bf4 g6 4. e3 Bg7 5. h3 0-0 6. Bd3 c5 7. c3 cxd4 8. exd4 Nc6 9. 0-0 Qb6 10. Qb3 Nd7 11. Re1 Re8 12. Nbd2 e6 13. Qc2 Qd8 14. Re2 a6 15. a4 b6 16. Rae1 Bb7 17. b4 Rc8 18. Qb2 h6 19. h4 Qf6 20. Bg3 Qd8 21. Nb1 Nf6 22. Nbd2 Nh5 23. Bh2 Qf6 24. g3 Bf8 25. b5 axb5 26. Bxb5 Red8 27. Ne5 Na5 28. Re3 Qe7 29. Rf3 Nf6 30. Bd3 Nc4 31. Qc1 Nxe5 32. Rxe5 Ng4 1/2-1/2

[Event "Skopje Karposh op"]
[Site "Skopje"]
[Date "2014.04.02"]
[Round "6"]
[White "Emmanouilidis, Athanasios"]
[Black "Vatter, Hans Joachim"]
[Result "1/2-1/2"]
[WhiteElo "1850"]
[BlackElo "2275"]
[PlyCount "119"]
[EventDate "2014.03.29"]
[EventType "swiss"]
[EventRounds "9"]
[EventCountry "MKD"]
[SourceTitle "CBM 159 Extra"]
[Source "ChessBase"]
[SourceDate "2014.04.24"]
[SourceVersion "1"]
[SourceVersionDate "2014.04.24"]
[SourceQuality "1"]

1. e4 c5 2. Nf3 Nc6 3. Bb5 g6 4. 0-0 Bg7 5. c3 Nf6 6. Re1 0-0 7. d3 d6 8. h3 Bd7 9. Nbd2 a6 10. Ba4 b5 11. Bc2 e5 12. Nf1 d5 13. Ne3 d4 14. Nd5 Be6 15. cxd4 cxd4 16. Nxf6+ Bxf6 17. Bb3 Re8 18. Bd2 Qd6 19. Ng5 Bxg5 20. Bxg5 Kg7 21. Bd2 f6 22. Bxe6 Qxe6 23. Rc1 Rac8 24. Qg4 Kf7 25. Qxe6+ Kxe6 26. Rc5 Ne7 27. Rec1 Rxc5 28. Rxc5 Rc8 29. Rxc8 Nxc8 30. Kf1 Nb6 31. b3 Nd7 32. g3 f5 33. f3 Nf6 34. Bc1 Nh5 35. Kg2 Kd6 36. Bg5 Ke6 37. Bd2 Kd6 38. Bb4+ Kc6 39. Be7 Kd7 40. Bb4 f4 41. g4 Ng7 42. h4 h5 43. g5 Ne6 44. Kf2 Nd8 45. Ke2 Nc6 46. Be1 b4 47. Kd1 a5 48. Kc2 Kd6 49. Kb2 Kc5 50. a3 bxa3+ 51. Kxa3 Kb5 52. Bd2 Nd8 53. b4 a4 54. Be1 Ne6 55. Bd2 Nc7 56. Be1 Na8 57. Bd2 Nb6 58. Be1 Kc6 59. Bd2 Kb5 60. Be1 1/2-1/2

[Event "Skopje Karposh op"]
[Site "Skopje"]
[Date "2014.03.30"]
[Round "2"]
[White "Emmanouilidis, Athanasios"]
[Black "Halmeenmaki, Tuomo"]
[Result "0-1"]
[WhiteElo "1850"]
[BlackElo "2177"]
[PlyCount "108"]
[EventDate "2014.03.29"]
[EventType "swiss"]
[EventRounds "9"]
[EventCountry "MKD"]
[SourceTitle "CBM 159 Extra"]
[Source "ChessBase"]
[SourceDate "2014.04.24"]
[SourceVersion "1"]
[SourceVersionDate "2014.04.24"]
[SourceQuality "1"]

1. e4 d6 2. Nf3 Nf6 3. Nc3 g6 4. Bc4 Bg7 5. Qe2 0-0 6. d4 c6 7. a4 d5 8. exd5 Nxd5 9. Bxd5 cxd5 10. Bg5 Nc6 11. 0-0 Bg4 12. Qe3 Bxf3 13. Qxf3 Nxd4 14. Qd3 Ne6 15. Bh4 d4 16. Ne4 Qc7 17. Rfe1 Rac8 18. Qa3 Rfe8 19. Qb3 b6 20. Rac1 Nc5 21. Qf3 Nxe4 22. Rxe4 e5 23. Bf6 Bxf6 24. Qxf6 Qc6 25. Qxc6 Rxc6 26. f4 f6 27. fxe5 fxe5 28. Kf2 Rec8 29. Rxe5 Rxc2+ 30. Rxc2 Rxc2+ 31. Kf3 Rxb2 32. Re7 a5 33. Rd7 Rb4 34. Rd6 Kf7 35. g4 Ke7 36. Rc6 d3 37. Ke3 Rd4 38. Kd2 Rd6 39. Rc7+ Ke6 40. Rxh7 Ke5 41. Rf7 Kd4 42. h4 Kc4 43. Rf4+ Kb3 44. g5 b5 45. Rf6 Rd4 46. Rxg6 Rxa4 47. h5 Rh4 48. h6 a4 49. Rb6 b4 50. g6 Rxh6 51. g7 Rh2+ 52. Kxd3 Rg2 53. Rb7 a3 54. Re7 a2 0-1

[Event "Skopje Karposh op"]
[Site "Skopje"]
[Date "2014.03.29"]
[Round "1"]
[White "Kojovic, Dragan"]
[Black "Emmanouilidis, Athanasios"]
[Result "1-0"]
[WhiteElo "2387"]
[BlackElo "1850"]
[PlyCount "65"]
[EventDate "2014.03.29"]
[EventType "swiss"]
[EventRounds "9"]
[EventCountry "MKD"]
[SourceTitle "CBM 159 Extra"]
[Source "ChessBase"]
[SourceDate "2014.04.24"]
[SourceVersion "1"]
[SourceVersionDate "2014.04.24"]
[SourceQuality "1"]

1. e4 c5 2. Nc3 Nc6 3. f4 g6 4. Nf3 Bg7 5. Bb5 e6 6. Bxc6 bxc6 7. e5 d5 8. exd6 Nf6 9. d3 Qxd6 10. 0-0 Nd7 11. Ne4 Qc7 12. Rb1 0-0 13. Qe1 Rb8 14. b3 Re8 15. Qh4 Ba6 16. Be3 e5 17. fxe5 Nxe5 18. Bf4 Nxf3+ 19. Rxf3 Qd8 20. Bg5 Qd4+ 21. Be3 Qd8 22. Qxd8 Rbxd8 23. Bxc5 Rd5 24. Bf2 f5 25. Nc5 Bc8 26. Kf1 Bf8 27. Na4 g5 28. Re3 Rxe3 29. Bxe3 f4 30. Bxa7 g4 31. Nb6 Rd8 32. Nxc8 Rxc8 33. Bd4 1-0

[Event "Kavala op 22nd"]
[Site "Kavala"]
[Date "2013.08.12"]
[Round "8"]
[White "Emmanouilidis, Athanasios"]
[Black "Kral, Klaudia"]
[Result "1-0"]
[WhiteElo "1828"]
[BlackElo "1935"]
[PlyCount "69"]
[EventDate "2013.08.06"]
[EventType "swiss"]
[EventRounds "9"]
[EventCountry "GRE"]
[SourceTitle "CBM 155 Extra"]
[Source "ChessBase"]
[SourceDate "2013.08.26"]
[SourceVersion "1"]
[SourceVersionDate "2013.08.26"]
[SourceQuality "1"]

1. d4 Nf6 2. Bg5 Ne4 3. Bf4 d5 4. Nd2 Nxd2 5. Qxd2 e6 6. Nf3 c5 7. e3 Nc6 8. c3 Be7 9. Bd3 0-0 10. 0-0 c4 11. Bb1 b5 12. e4 Bb7 13. e5 f5 14. exf6 Bxf6 15. Re1 Qd7 16. Ng5 Bxg5 17. Bxg5 Qf7 18. Re3 e5 19. dxe5 Rae8 20. Qc2 Qh5 21. Rh3 Qxg5 22. Qxh7+ Kf7 23. Bg6+ Ke7 24. Bxe8 Kxe8 25. Rg3 Qh6 26. Rxg7 Qxh7 27. Rxh7 Rf7 28. Rxf7 Kxf7 29. f4 d4 30. cxd4 Nxd4 31. Rd1 Ne2+ 32. Kf1 Nxf4 33. Rd7+ Ke6 34. Rxb7 Kxe5 35. Rxb5+ 1-0

[Event "Kavala op 22nd"]
[Site "Kavala"]
[Date "2013.08.11"]
[Round "7"]
[White "Giannopoulos, Ioannis"]
[Black "Emmanouilidis, Athanasios"]
[Result "0-1"]
[WhiteElo "1727"]
[BlackElo "1828"]
[PlyCount "74"]
[EventDate "2013.08.06"]
[EventType "swiss"]
[EventRounds "9"]
[EventCountry "GRE"]
[SourceTitle "CBM 155 Extra"]
[Source "ChessBase"]
[SourceDate "2013.08.26"]
[SourceVersion "1"]
[SourceVersionDate "2013.08.26"]
[SourceQuality "1"]

1. d4 Nf6 2. c4 g6 3. Nc3 Bg7 4. Nf3 0-0 5. Bf4 d6 6. h3 Nbd7 7. e3 c5 8. Be2 a6 9. 0-0 b6 10. Rb1 Bb7 11. Qc2 Nh5 12. Bh2 Rc8 13. Rfd1 Qe8 14. b4 Bxf3 15. Bxf3 cxd4 16. exd4 Rxc4 17. g4 Qc8 18. Rb3 Bxd4 19. Rxd4 Rxd4 20. gxh5 Ne5 21. Bxe5 dxe5 22. Qe2 Qxh3 23. Qxe5 Rfd8 24. Nd5 R8xd5 25. Qxd5 Rxd5 26. Bxd5 Qg4+ 27. Bg2 Qd1+ 28. Bf1 Qxh5 29. Bxa6 Qg5+ 30. Rg3 Qd2 31. a3 h5 32. Bc4 h4 33. Rxg6+ Kf8 34. Rxb6 Qg5+ 35. Kh2 Qf4+ 36. Kg2 h3+ 37. Kg1 Qg4+ 0-1

[Event "Heraklion op 5th"]
[Site "Heraklion"]
[Date "2009.08.24"]
[Round "4"]
[White "Stefanidi, Maria Anna"]
[Black "Emmanouilidis, Athanasios"]
[Result "1-0"]
[WhiteElo "2120"]
[BlackElo "1769"]
[PlyCount "79"]
[EventDate "2009.08.22"]
[EventType "swiss"]
[EventRounds "9"]
[EventCountry "GRE"]
[SourceTitle "EXT 2010"]
[Source "ChessBase"]
[SourceDate "2010.11.25"]
[SourceVersion "1"]
[SourceVersionDate "2010.11.25"]
[SourceQuality "1"]

1. e4 e6 2. d4 d5 3. e5 c5 4. c3 b6 5. Bd3 Ne7 6. Bg5 Qd7 7. Ne2 Ba6 8. 0-0 h6 9. Bc1 Nf5 10. Bxf5 exf5 11. Re1 Nc6 12. Nf4 0-0-0 13. dxc5 Bxc5 14. b4 Be7 15. a4 Bb7 16. a5 g5 17. Nd3 d4 18. c4 Bxb4 19. Nxb4 Nxb4 20. axb6 axb6 21. Qb3 Qc6 22. f3 Na6 23. Qd3 Qe6 24. Ba3 f6 25. Nd2 fxe5 26. c5 Rhe8 27. Rac1 bxc5 28. Bxc5 Kb8 29. Qb5 Rc8 30. Nb3 Qd5 31. Qb6 Re6 32. Qa7+ Kc7 33. Nxd4 exd4 34. Rxe6 Qxe6 35. Bb4+ Kd8 36. Qxd4+ Bd5 37. Ba5+ Kd7 38. Re1 Qc6 39. Qg7+ Kd6 40. Qe7# 1-0

[Event "GRE-ch U16"]
[Site "Chania"]
[Date "2003.04.20"]
[Round "2"]
[White "Efstathopoulos, Pavlos"]
[Black "Emmanouilidis, Athanasios"]
[Result "1-0"]
[WhiteElo "1915"]
[BlackElo "1685"]
[PlyCount "35"]
[EventDate "2003.04.??"]
[EventType "swiss"]
[EventRounds "7"]
[EventCountry "GRE"]
[SourceTitle "EXT 2005"]
[Source "ChessBase"]
[SourceDate "2004.11.15"]
[SourceVersion "1"]
[SourceVersionDate "2004.11.15"]
[SourceQuality "1"]

1. e4 c5 2. Nc3 Nc6 3. f4 g6 4. Bc4 Bg7 5. Nf3 e6 6. f5 Nge7 7. fxe6 fxe6 8. d3 0-0 9. 0-0 d5 10. Bb3 Bxc3 11. bxc3 Qa5 12. Qe1 Bd7 13. Bd2 Qc7 14. Qh4 Rxf3 15. Rxf3 c4 16. Bh6 cxb3 17. Qf6 Nf5 18. Rxf5 1-0